| 000 | 00407cam a2200169ua 4500 | ||
|---|---|---|---|
| 041 |
_amal _h |
||
| 082 |
_a823.308 _bDIC/HA |
||
| 100 | _aDickens, Charles . | ||
| 245 |
_aHard Times / _cCharles Dickens. _hTextual Documents |
||
| 250 |
_a1 / _b. |
||
| 260 |
_aLondon : _bOxford University Press , _c1960. |
||
| 300 | _a272 ; . | ||
| 504 | _a | ||
| 942 | _cBK | ||
| 999 |
_c901 _d901 |
||